00405nam a22000737a 4500082001200000100008100012245010900093650012900202 aRQ.0007 aRao, Allu Gowri SankaruAcharya Nagarjuna UniversityvGuntur, Andhra Pradesh aWomen Empowerment Through self- help Groups (SHGS) in Andhra Pradesh:bA studycBy Allu Gowri Sankar Rao aMutual help support groupsaHuman femalesvTeacher work groupsxGroup counselingxWorking class womenzIndiazAndhra Pradesh